| 000 | 00484cam a2200181 a 4500 | ||
|---|---|---|---|
| 020 | _a0072315725 (softcover) | ||
| 040 | _cDLC | ||
| 082 | 0 | 0 | _a306 HIL 2000 A016 Or. |
| 100 | 1 | _aLauer, Robert H. | |
| 245 | 1 | 0 |
_aMarriage and family : _bthe quest for intimacy / |
| 250 | _a4th ed. | ||
| 260 |
_aBoston : _bMcGraw Hill, _cc2000. |
||
| 300 |
_axviii, 526 p. : _bill. (some col.) ; _c25 cm. |
||
| 650 | 0 | _aMarriage | |
| 650 | 0 | _aFamilies | |
| 700 | 1 | _aLauer, Jeanette C. | |
| 942 | _cEK | ||
| 999 |
_c11767 _d11767 |
||